000 00630nam a2200205Ia 4500
003 GCL
008 140319s9999 xx 000 0 ara d
040 _aGCL /
_cGCL
082 0 4 _a709.01
_bس ت
100 1 _aسعد الخادم
245 1 0 _aتصويرنا الشعبى خلال العصور /
_cسعد الخادم
260 _a[S.N] :
_bوزارة الثقافة والارشاد القومى ،
_c1963
300 _a142 ص
490 _a
650 0 4 _aمصر القديمة
650 0 4 _aالحضارة الفرعونية
650 0 4 _aالفن المصرى القديم
650 0 4 _aالرسم
942 _2ddc
_cBK
999 _c36437
_d36437